书目信息 |
| 题名: |
野外生存技巧
|
|
| 作者: | 格里尔斯 著 ;唐思雨 译 | |
| 分册: | ||
| 出版信息: | 南宁 接力出版社 2015.10 |
|
| 页数: | 295页 | |
| 开本: | 24cm | |
| 丛书名: | 贝尔写给你的荒野求生少年生存百科 | |
| 单 册: | ||
| 中图分类: | G895 | |
| 科图分类: | ||
| 主题词: | 野外--ye wai--生存--少年读物 | |
| 电子资源: | ||
| ISBN: | 978-7-5448-4175-7 | |
| 000 | 01202nam 2200301 450 | |
| 001 | CAL 0120151677871 | |
| 005 | 20170626100524.70 | |
| 010 | @a978-7-5448-4175-7@dCNY 39.60 | |
| 010 | @a978-7-5448-4170-2@dCNY39.60 | |
| 100 | @a20151224d2015 cemy0chiy50 ea | |
| 101 | 1 | @achi@ceng |
| 102 | @aCN@b460000 | |
| 105 | @aa z 000yy | |
| 200 | 1 | @a野外生存技巧@Aye wai sheng cun ji qiao@f(英) 贝尔·格里尔斯著@g唐思雨译 |
| 210 | @a南宁@c接力出版社@d2015.10 | |
| 215 | @a295页@c图@d24cm | |
| 225 | 2 | @a贝尔写给你的荒野求生少年生存百科@Abei er xie gei ni de huang ye qiu sheng shao nian sheng cun bai ke |
| 312 | @a英文题名取自版权页 | |
| 330 | @a作者贝尔是英国童子军总会的总领袖, 本书则是贝尔写给童子军的野外活动指南, 其中包括装备、工具的选择, 也包括求生技巧, 比如露营方法、野外生存方法、烹饪方法、野外救援等。 | |
| 410 | 0 | @12001 @a贝尔写给你的荒野求生少年生存百科 |
| 500 | 10 | @aUltimate guide to scouting and fieldcraft@mChinese |
| 606 | 0 | @a野外@Aye wai@x生存@j少年读物 |
| 690 | @aG895@v5 | |
| 701 | 1 | @a格里尔斯@Age li er si@g(Grylls, Bear)@4著 |
| 702 | 0 | @a唐思雨@Atang si yu@4译 |
| 801 | 0 | @aCN@b人天书店@c20151224 |
| 905 | @aMUSE@dG895@e11 | |
| 906 | @dCNY118.80 (3册)@n3@r1 | |
| 野外生存技巧/(英) 贝尔·格里尔斯著/唐思雨译.-南宁:接力出版社,2015.10 |
| 295页:图;24cm.-(贝尔写给你的荒野求生少年生存百科) |
| ISBN 978-7-5448-4175-7:CNY 39.60 |
| 作者贝尔是英国童子军总会的总领袖, 本书则是贝尔写给童子军的野外活动指南, 其中包括装备、工具的选择, 也包括求生技巧, 比如露营方法、野外生存方法、烹饪方法、野外救援等。 |
| ● |
| 相关链接 |
|
|
|
正题名:野外生存技巧
索取号:G895/11
 
预约/预借
| 序号 | 登录号 | 条形码 | 馆藏地/架位号 | 状态 | 备注 |
| 1 | 833025 | 2000833025 | 第二书库/ [索取号:G895/11] |
已借出,限还日期为2026.01.10 借出人:燕凯文 |
|
| 2 | 833026 | 2000833026 | 第二书库/ [索取号:G895/11] | 在馆 | |
| 3 | 833027 | 2000833027 | 第二书库/ [索取号:G895/11] | 在馆 |